| 000 | 00546nam a22002057a 4500 | ||
|---|---|---|---|
| 003 | OSt | ||
| 005 | 20140310182842.0 | ||
| 008 | 130608t xxu||||| |||| 00| 0 eng d | ||
| 020 | _a0449142221 | ||
| 050 |
_aGV 1493 _b.C771 1971 |
||
| 082 |
_aM 793.73 _bC77 1971 |
||
| 245 |
_aFun for puzzle people / _cCook, L. H. Longley |
||
| 260 |
_aBrooklyn, N.Y. : _bFawcett Books Group, _cc1971. |
||
| 300 |
_a127 p. _bill. ; _c18 cm. |
||
| 521 | _aCollege Students | ||
| 526 | _c1210L-1700L | ||
| 541 | _j1 | ||
| 562 | _e1 | ||
| 942 |
_2lcc _cBK _kM |
||
| 999 |
_c16868 _d16868 |
||